| 000 | 00806nam a22001697a 4500 | ||
|---|---|---|---|
| 008 | 120110t xxu||||| |||| 00| 0 eng d | ||
| 022 | _a13637169 | ||
| 082 | _a341.4805COM | ||
| 100 |
_aMayhew Alice,Candy whittome _cCommonwealth Human Rights Law Digest.-3CHRLD 1-120,Issue1,Aug2001 _96333 |
||
| 245 |
_aCommonwealth human rights law digest.-3CHRLD1-120, Issue1,Aug2001 _cMayhew Alice,Candy Whittome |
||
| 260 |
_aunited kingdom _binterights |
||
| 300 | _aXVI,120P. | ||
| 600 |
_2 Alice Mayhew, Candy Whittome _cCommonwealth Human Rights Law Digest.-3CHRLD1-120, Issue1, Aug2001 _96334 |
||
| 700 |
_cCommonwealth Human Rights law Digest.-3CHRLD1-120, Issue1,Aug 2001 _96335 |
||
| 942 |
_2ddc _cPER |
||
| 999 |
_c4992 _d4992 |
||